| 000 | 01207nji a22002777a 4500 | ||
|---|---|---|---|
| 005 | 20100904144719.0 | ||
| 006 | a|||||r|||||00| 0 | ||
| 007 | sd ammalaaahaa | ||
| 008 | 100830t xxu||||| |||| 00| 0 eng d | ||
| 028 |
_aN 88179 _bHis Master's Voice |
||
| 035 | _aGR-509 | ||
| 040 |
_aSED _cSED |
||
| 100 |
_917455 _aHiranand, Shanti |
||
| 245 |
_aSaaki chaman mein aake / _cby Shanti Hiranand ; music by Taj Ahmed ; Kadeer Lukhnow _h[sound recording] : |
||
| 246 | _aसाकी चमन में आके / शांति हीरानंद द्वारा | ||
| 260 |
_aDum Dum, India _bHis Master's Voice |
||
| 300 |
_a1 sound disc [Gramophone Recording]: _banalog, 33 1/3 rpm _c9.5 in. (MP) _fGramophone Record |
||
| 500 | _aBrief Record | ||
| 505 | _aSide-2 नजर नवाज नजारों में जी नहीं लगता - गजल (Najar nawaj najaro mein jee nahi lagta - gajal) (Shanti Hiranand) | ||
| 650 |
_aClassical music _zIndia _91186 _xExcerpts |
||
| 700 |
_917416 _aAhmad, Taj |
||
| 700 |
_917456 _aBadayuni, Sakeel |
||
| 700 | _918315 | ||
| 942 |
_2ddc _cGR |
||
| 999 |
_c43790 _d43790 |
||